000 01031nam a2200265Ia 4500
003 OSt
005 20220923211105.0
006 a|||||r|||| 00| 0
007 ta
008 220922b |||||||| |||| 00| 0 hin d
020 _a8179170888 (hbk)
_c200
024 _a245,234
037 _b367, 11/02/2011, Swaraj Prakashan
_cTextual
040 _aARTS
_cARTS
_bhin
041 _2hin
_ahin
082 _aY5, 152P6
100 _aबॉटमोर, टी. बी.; मिश्र, वंदना, अनु.
_9158107
245 0 _aआधुनिक समाज में वर्ग
246 _aĀdhunik samāj mean varga
260 _aनई दिल्ली
_b ग्रंथ शिल्पी
_c2006
300 _a95पृ.
_ccm.
490 _aभारतीय इतिहास के गौरव ग्रंथ
942 _hY5, 152P6
_cTEXL
_2CC
999 _c295103
_d295103